[Event "Montcada op-B 26th"]
[Site "Montcada"]
[Date "2018.07.01"]
[Round "8"]
[White "Boubakha, Mohamed"]
[Black "Vargas Drechsler, Carlos"]
[Result "0-1"]
[WhiteElo "1900"]
[BlackElo "1942"]
[PlyCount "41"]
[EventDate "2018.06.25"]
[EventType "swiss"]
[EventRounds "9"]
[EventCountry "ESP"]
[SourceTitle "EXT 2019"]
[Source "ChessBase"]
[SourceDate "2018.10.10"]
[SourceVersion "1"]
[SourceVersionDate "2018.10.10"]
[SourceQuality "1"]

1. e4 e5 2. Nf3 Nc6 3. Bc4 Nf6 4. d3 d5 5. exd5 Nxd5 6. h3 Bc5 7. 0-0 0-0 8. Bg5 f6 9. Bh4 Be6 10. Nc3 Qd7 11. Ne4 Bb6 12. c3 Nf4 13. Bxe6+ Qxe6 14. Bg3 Ng6 15. b4 Rad8 16. a4 a6 17. Qc2 Rd7 18. b5 axb5 19. axb5 Nce7 20. c4 f5 21. Neg5 0-1

[Event "Montcada op-B 26th"]
[Site "Montcada"]
[Date "2018.06.30"]
[Round "6"]
[White "Boubakha, Mohamed"]
[Black "Parra Ordorica, Gorka"]
[Result "1-0"]
[WhiteElo "1900"]
[BlackElo "1798"]
[PlyCount "63"]
[EventDate "2018.06.25"]
[EventType "swiss"]
[EventRounds "9"]
[EventCountry "ESP"]
[SourceTitle "EXT 2019"]
[Source "ChessBase"]
[SourceDate "2018.10.10"]
[SourceVersion "1"]
[SourceVersionDate "2018.10.10"]
[SourceQuality "1"]

1. e4 c5 2. Bc4 e6 3. Nc3 a6 4. a3 Qc7 5. d3 b6 6. Nf3 Bb7 7. 0-0 d6 8. Bf4 Nd7 9. Bg3 Ngf6 10. h3 Be7 11. Re1 0-0 12. Ba2 Rac8 13. d4 cxd4 14. Qxd4 Rfd8 15. Rad1 Nc5 16. Re3 b5 17. Bb1 Qb8 18. Qb4 Qa8 19. Rde1 Rd7 20. Bh4 Ncxe4 21. Nxe4 Rc4 22. Nxf6+ Bxf6 23. Qd2 Bxh4 24. Nxh4 Rxh4 25. Rg3 Re4 26. Rd1 Re5 27. c3 Rd5 28. Bd3 Re5 29. Qh6 g6 30. h4 Be4 31. Be2 Rd5 32. Re1 1-0

[Event "Sant Gregori Ajuntament op 2nd"]
[Site "Sant Gregori"]
[Date "2017.07.08"]
[Round "7.7"]
[White "Boubakha, Mohamed"]
[Black "Sole Benegues, Jordi"]
[Result "1/2-1/2"]
[WhiteElo "2036"]
[BlackElo "1907"]
[PlyCount "33"]
[EventDate "2017.07.03"]
[EventType "swiss"]
[EventRounds "7"]
[EventCountry "ESP"]
[SourceTitle "EXT 2024"]
[Source "ChessBase"]
[SourceDate "2023.10.10"]
[SourceVersion "1"]
[SourceVersionDate "2023.10.10"]
[SourceQuality "1"]

1. e4 c5 2. Bc4 e6 3. Nc3 g6 4. Nf3 Bg7 5. 0-0 a6 6. a3 Ne7 7. d4 b5 8. Ba2 c4 9. Bg5 f6 10. Bf4 0-0 11. e5 Nec6 12. Re1 Na5 13. a4 Nb7 14. exf6 Bxf6 15. Bxb8 Rxb8 16. axb5 Qc7 17. d5 1/2-1/2

[Event "Figueres Nadal op 6th"]
[Site "Figueres"]
[Date "2016.12.29"]
[Round "6"]
[White "Boubakha, Mohamed"]
[Black "Colls Gelaberto, Emilio"]
[Result "1/2-1/2"]
[WhiteElo "1964"]
[BlackElo "2058"]
[PlyCount "93"]
[EventDate "2016.12.27"]
[EventType "swiss"]
[EventRounds "8"]
[EventCountry "ESP"]
[SourceTitle "CBM 176 Extra"]
[Source "ChessBase"]
[SourceDate "2017.03.02"]
[SourceVersion "1"]
[SourceVersionDate "2017.03.02"]
[SourceQuality "1"]

1. e4 c6 2. Nf3 d5 3. exd5 cxd5 4. h3 Nf6 5. Bb5+ Nc6 6. 0-0 Qb6 7. Bxc6+ bxc6 8. d4 e6 9. a3 Bd6 10. Nc3 Ba6 11. Re1 0-0 12. b4 Bb5 13. Bg5 Nd7 14. Be3 a5 15. Nxb5 cxb5 16. c3 Rfc8 17. Qd2 Qc7 18. Rec1 Ra6 19. Qd3 Qc4 20. Qxc4 Rxc4 21. Rab1 axb4 22. axb4 Ra3 23. Bd2 Nf6 24. Ra1 Rxa1 25. Rxa1 h6 26. Kf1 Ne4 27. Ra3 g5 28. g3 f5 29. Ke2 Kg7 30. Ne1 e5 31. Nf3 exd4 32. Nxd4 Bxb4 33. Ra7+ Kf6 34. Ra6+ Kf7 35. Ra7+ Ke8 36. Ra8+ Kd7 37. Ra7+ Kc8 38. Nxb5 Bxc3 39. Bxc3 Nxc3+ 40. Nxc3 Rxc3 41. Rf7 f4 42. gxf4 gxf4 43. Rxf4 Rxh3 44. Rd4 Rh5 45. Kd3 Rf5 46. Rh4 Rxf2 47. Rxh6 1/2-1/2

[Event "Sant Gregori Ajuntament op-A 1st"]
[Site "Sant Gregori"]
[Date "2016.07.??"]
[Round "2.3"]
[White "Boubakha, Mohamed"]
[Black "Carrasco Holgado, David"]
[Result "0-1"]
[WhiteElo "1905"]
[BlackElo "2214"]
[PlyCount "50"]
[EventDate "2016.07.04"]
[EventType "tourn"]
[EventRounds "7"]
[EventCountry "ESP"]
[SourceTitle "EXT 2024"]
[Source "ChessBase"]
[SourceDate "2023.10.10"]
[SourceVersion "1"]
[SourceVersionDate "2023.10.10"]
[SourceQuality "1"]

1. e4 c5 2. a3 Nc6 3. Bc4 e6 4. Nc3 Nf6 5. d3 d5 6. exd5 exd5 7. Bb5 Be7 8. Nge2 0-0 9. 0-0 Bg4 10. f3 Bf5 11. Bxc6 bxc6 12. Bf4 Re8 13. Ng3 Bg6 14. Qd2 Nd7 15. Rfe1 Qb6 16. Na4 Qa6 17. b3 Bf6 18. Rxe8+ Rxe8 19. Re1 Re6 20. Bd6 Rxd6 21. Re8+ Nf8 22. f4 Bd4+ 23. Kf1 f5 24. Re7 Re6 25. Rxe6 Nxe6 0-1

[Event "Girona op 5th"]
[Site "Girona"]
[Date "2014.07.15"]
[Round "1"]
[White "Parals Marce, Luis"]
[Black "Boubakha, Mohamed"]
[Result "1-0"]
[WhiteElo "2126"]
[BlackElo "1828"]
[PlyCount "79"]
[EventDate "2014.07.15"]
[EventType "swiss"]
[EventRounds "9"]
[EventCountry "ESP"]
[SourceTitle "EXT 2016"]
[Source "ChessBase"]
[SourceDate "2015.10.08"]
[SourceVersion "1"]
[SourceVersionDate "2015.10.08"]
[SourceQuality "1"]

1. c4 e5 2. Nc3 Nf6 3. g3 Bc5 4. Bg2 a6 5. Nf3 d6 6. 0-0 0-0 7. a3 h6 8. b4 Ba7 9. Bb2 c6 10. d3 Bg4 11. Rc1 Nbd7 12. Nd2 Bd4 13. Nb3 Ba7 14. Qd2 Rb8 15. e3 Be6 16. Na5 Bb6 17. Na4 Bxa5 18. bxa5 Re8 19. Bc3 Bf5 20. e4 Bg6 21. f4 exf4 22. gxf4 Bh5 23. Bf3 Bg6 24. Kh1 b5 25. axb6 Nxb6 26. Nxb6 Rxb6 27. f5 Bh5 28. Bxh5 Nxh5 29. Rg1 Qh4 30. Qe2 Nf6 31. Be1 Qh5 32. Qg2 g6 33. fxg6 fxg6 34. Bc3 Kg7 35. Qf2 Rb7 36. Qxf6+ Kh7 37. Rcf1 g5 38. Qxd6 Rf7 39. Bf6 Qe2 40. e5 1-0

[Event "Santa Eugenia op 9th"]
[Site "Santa Eugenia"]
[Date "2014.05.16"]
[Round "4"]
[White "Boubakha, Mohamed"]
[Black "Volkov, Vladimir"]
[Result "0-1"]
[WhiteElo "1700"]
[BlackElo "1973"]
[PlyCount "84"]
[EventDate "2014.04.25"]
[EventType "swiss"]
[EventRounds "9"]
[EventCountry "ESP"]
[SourceTitle "EXT 2015"]
[Source "ChessBase"]
[SourceDate "2014.11.20"]
[SourceVersion "1"]
[SourceVersionDate "2014.11.20"]
[SourceQuality "1"]

1. e4 e5 2. Bc4 Nf6 3. d3 Bc5 4. Nf3 Nc6 5. a3 d5 6. exd5 Nxd5 7. h3 0-0 8. 0-0 Re8 9. Ng5 Be6 10. Ne4 Bb6 11. c3 h6 12. Qf3 Nf4 13. Bxf4 exf4 14. Qxf4 Ne5 15. Bxe6 Rxe6 16. d4 Ng6 17. Qf3 Qe7 18. Nbd2 Re8 19. Ng3 c6 20. Nde4 Bc7 21. Nf5 Qd8 22. Neg3 Qg5 23. Qg4 Qxg4 24. hxg4 Nf4 25. Rfd1 Ne2+ 26. Nxe2 Rxe2 27. Rdb1 Bf4 28. g3 Bc7 29. Kg2 Kh7 30. Rh1 Kg6 31. Ne3 R8xe3 32. Kf1 Re6 33. f4 f5 34. gxf5+ Kxf5 35. Rh5+ Kg4 36. Rh1 Kf3 37. f5 R6e3 38. g4 Rf2+ 39. Kg1 Ree2 40. b4 Bh2+ 41. Rxh2 Rxh2 42. c4 Reg2+ 0-1

[Event "Santa Eugenia op 9th"]
[Site "Santa Eugenia"]
[Date "2014.05.02"]
[Round "2"]
[White "Boubakha, Mohamed"]
[Black "Gala Martinez, Victor"]
[Result "1-0"]
[WhiteElo "1700"]
[BlackElo "1847"]
[PlyCount "43"]
[EventDate "2014.04.25"]
[EventType "swiss"]
[EventRounds "9"]
[EventCountry "ESP"]
[SourceTitle "EXT 2015"]
[Source "ChessBase"]
[SourceDate "2014.11.20"]
[SourceVersion "1"]
[SourceVersionDate "2014.11.20"]
[SourceQuality "1"]

1. e4 c6 2. Bc4 d5 3. exd5 cxd5 4. Bb3 Nf6 5. h3 Bf5 6. d3 e6 7. Nf3 h6 8. a3 Bd6 9. Nc3 0-0 10. 0-0 Nc6 11. Bd2 Na5 12. Ba2 Qb6 13. Rb1 Nc6 14. a4 a6 15. Ne2 Qc7 16. Ned4 Nxd4 17. Nxd4 Bg6 18. Bb3 Bh2+ 19. Kh1 Bf4 20. Ne2 Bxd2 21. Qxd2 Rfd8 22. Rfe1 1-0